000 00690nam a2200145 a 4500
008 220302s2019 ||||||||||||||||| || u
050 _a CBU-PG THESIS/CHA
100 _aChali, Francine
245 1 0 _aAssessing the effects of Corporate Social responsibility practices on Customer patronage of MTN Mobile operator Zambia - A case of kitwe
_cBy Francine Chali
260 _aKitwe
_bCopperbelt University
_c2019
300 _ax, 74 Pages : illustrations
650 _aMTN MOBILE MONEY - ZAMBIA
650 _aCORPORATE SOCIAL RESPONSIBILITY - MTN ZAMBIA
995 _FCBU-MAIN LIBRARY (Kitwe)
_M1
_UAVAILABLE
_WJul 1, 2022
_ZUniversity Collection
999 _c34974
_d34974